MARC

LEADER 00000nam0a2200000 4500
001 303375
005 20231102001609.0
020 |a RU  |b 83-30746 
035 |a (RuTPU)RU\TPU\book\328598 
090 |a 303375 
100 |a 20150902d1983 m y0rusy5003 ca 
101 0 |a rus 
102 |a RU 
105 |a y z 001zy 
200 1 |a Философские проблемы развития математики  |f Ю. К. Протопопов 
210 |a Москва  |c Высшая школа  |d 1983 
215 |a 87 с. 
320 |a Библиогр.: с. 84-86 
606 1 |a Математика  |x Философские проблемы  |2 stltpush  |3 (RuTPU)RU\TPU\subj\41191  |9 61003 
610 1 |a математические проблемы 
610 1 |a диалектика 
610 1 |a множества 
610 1 |a бесконечное 
610 1 |a дифференцирование 
610 1 |a философский анализ 
610 1 |a формальная логика 
610 1 |a история 
675 |a 51:1  |v 3 
700 1 |a Протопопов  |b Ю. К.  |g Юрий Константинович 
801 0 |a RU  |b RuMRKP  |c 19950704  |g psbo 
801 1 |a RU  |b 63413507  |c 20150902 
801 2 |a RU  |b 63413507  |c 20170929  |g RCR 
942 |c BK